Name the Oscar Winner - Statistics

General Stats
  • This quiz has been taken 39 times
  • The average score is 13 of 15
Answer Stats
Picture Answer % Correct
Leonardo DiCaprio
100%
Robert De Niro
97%
Al Pacino
94%
Brad Pitt
94%
Jennifer Lawrence
94%
Anne Hathaway
91%
Emma Stone
91%
Julia Roberts
91%
Natalie Portman
91%
Jamie Foxx
88%
Jodie Foster
85%
Gary Oldman
82%
Forest Whitaker
76%
Christoph Waltz
64%
Lupita Nyong'o
58%
No matching quizzes found
Score Distribution
Percent of People with Each Score
Percentile by Number Answered
Your Score History
You have not taken this quiz